000
00444nam a22001217a 4500
040
_c
HS
082
_a
624
110
_a
នាយកដ្ឋានធារាសាស្ត្រកសិកម្ម
245
_a
សាងសង់ស្ថានីយបូមទឹកធម្មយុទ្ធ ឃុំចំប៉ី ស្រុកបាទី ខេត្តតាកែវ
260
_a
Cambodia
_b
2009
300
_a
NA
942
_c
KB
999
_c
9929
_d
9929